| 000 | 00437nam a2200181Ia 4500 | ||
|---|---|---|---|
| 001 | 10774 | ||
| 005 | 20260306161857.0 | ||
| 008 | 260306t1983||||xx |||||||||||||| ||spa|| | ||
| 041 | _aESP | ||
| 082 |
_a949.5 _bF52 |
||
| 100 |
_aFinley, Moses I. _eAUT |
||
| 245 | 0 |
_aEl legado de Grecia: _buna nueva valoración |
|
| 260 | _c1983 | ||
| 300 |
_a483 pƔginas : _c20 cm. |
||
| 650 | _aGEN | ||
| 654 | _aCHU | ||
| 942 |
_cLIB _dJUS _fJUS _2ddc _n |
||
| 999 |
_c10774 _d10774 |
||